000 00292nam a22001337a 4500
008 170922b xxu||||| |||| 00| 0 eng d
020 _a9780321815682
041 _aeng
080 _23RD
_a37
100 _a46
101 _aEDU
245 _aGET READY FOT A&P
_cGARRETT,L.K
942 _2udc
_cBK
999 _c28967
_d28967